| 000 | 00884caa a2200313Ma 4500 | ||
|---|---|---|---|
| 001 | 60858 | ||
| 005 | 20230410143424.0 | ||
| 008 | 070704s2005 fi ab b 000 0 eng d | ||
| 035 | _a(OCoLC)ocn225635371 | ||
| 040 |
_aAU@ _beng _cAU@ |
||
| 020 | _a9519792090 | ||
| 020 | _a9789519792095 | ||
| 029 | 0 |
_aAU@ _b000041837882 |
|
| 035 | _a(OCoLC)225635371 | ||
| 043 | _ae-fi--- | ||
| 082 | 0 | 4 |
_a780.94897 _b222 |
| 049 | _aGRAL | ||
| 050 | 1 | 4 | _aF478 2005 |
| 245 | 0 | 0 | _aFinland, land of music and nature. |
| 250 | _a3rd ed. | ||
| 260 |
_aVantaa, Finland : _bIntereuropean Publications, _c2005. |
||
| 300 |
_a158 p. : _bcol. ill., col. map ; _c26 cm. + _e1 CD-ROM (4 3/4 in.) |
||
| 504 | _aIncludes bibliographical references (p. 150). | ||
| 650 | 0 |
_aMusic _zFinland. |
|
| 651 | 0 |
_aFinland _xCivilization. |
|
| 942 |
_2lcc _cbk |
||
| 994 |
_aC0 _bDRFGD |
||
| 946 | _acsexposito | ||
| 999 |
_c101380 _d101380 |
||